[Event "17. Europa ch Juvenil - Masculino s18"]
[Site "Sibenik CRO"]
[Date "2007.09.18"]
[Round "5.1"]
[White "Mozharov, Mikhail"]
[Black "Levin, Evgeny"]
[Result "0-1"]
[WhiteElo "2424"]
[BlackElo "2421"]
[PlyCount "112"]
[EventDate "2007.09.14"]
[EventType "swiss"]
[EventRounds "9"]
[EventCountry "CRO"]
[Source "lmi"]
[SourceDate "2007.09.14"]

1. e4 c5 2. Nf3 d6 3. d4 cxd4 4. Nxd4 Nf6 5. Nc3 a6 6. Bg5 e6 7. f4 Nbd7 8. Qf3
Qc7 9. O-O-O b5 10. Bd3 Bb7 11. Rhe1 O-O-O 12. Kb1 Be7 13. f5 e5 14. Nb3 Kb8
15. Bxf6 Nxf6 16. Nd5 Nxd5 17. exd5 Rc8 18. Qe4 Bd8 19. Re3 Qd7 20. Rg3 g6 21.
Rf3 Bb6 22. Rdf1 g5 23. f6 h5 24. Rd1 Qg4 25. Qxg4 hxg4 26. Rg3 Rxh2 27. Rxg4
Rg8 28. Bf5 Rh6 29. Rb4 Rxf6 30. g4 Bc8 31. Bxc8 Rxc8 32. Rh1 Rg8 33. a3 Kc7
34. Rh7 Rgg6 35. c3 Rf1+ 36. Ka2 Rgf6 37. Nd2 R1f4 38. Ne4 Rg6 39. Ng3 Rf3 40.
Nf5 Rf6 41. Rg7 R3xf5 42. gxf5 Rxf5 43. Rg4 Be3 44. Re4 Rf3 45. a4 Kb6 46. b4
bxa4 47. Ka3 Bc1+ 48. Ka2 Rf2+ 49. Kb1 a3 50. Rg8 a2+ 51. Ka1 Kb5 52. Rb8+ Ka4
53. b5+ Ka3 54. Ra4+ Kxa4 55. bxa6 Ka3 56. a7 Bb2+ 0-1

[Event "17. Europa ch Juvenil - Masculino s18"]
[Site "Sibenik CRO"]
[Date "2007.09.18"]
[Round "5.2"]
[White "Edouard, Romain"]
[Black "Can, Emre"]
[Result "1/2-1/2"]
[WhiteElo "2483"]
[BlackElo "2411"]
[PlyCount "72"]
[EventDate "2007.09.14"]
[EventType "swiss"]
[EventRounds "9"]
[EventCountry "CRO"]
[Source "lmi"]
[SourceDate "2007.09.14"]

1. e4 c5 2. Nf3 Nc6 3. d4 cxd4 4. Nxd4 Nf6 5. Nc3 d6 6. Bg5 e6 7. Qd2 Be7 8.
O-O-O O-O 9. f4 Nxd4 10. Qxd4 Qa5 11. e5 dxe5 12. Qxe5 Qxe5 13. fxe5 Nd5 14.
Bxe7 Nxe7 15. Bd3 b6 16. Be4 Rb8 17. Rhe1 Bb7 18. Nb5 Bxe4 19. Rxe4 a5 20. Rd7
Ng6 21. h4 h5 22. a3 Rfd8 23. Rd6 Ne7 24. c4 Nf5 25. Rxd8+ Rxd8 26. Kc2 Kf8 27.
b4 axb4 28. axb4 Ke7 29. Kc3 Rd1 30. Nd4 Rg1 31. Nxf5+ exf5 32. Re2 Ke6 33. Kb3
Rc1 34. b5 Rb1+ 35. Kc3 Rc1+ 36. Kb4 Rb1+ 1/2-1/2

[Event "17. Europa ch Juvenil - Masculino s18"]
[Site "Sibenik CRO"]
[Date "2007.09.18"]
[Round "5.3"]
[White "Ronchetti, Niccolo"]
[Black "Zhigalko, Sergei"]
[Result "1/2-1/2"]
[WhiteElo "2410"]
[BlackElo "2560"]
[PlyCount "57"]
[EventDate "2007.09.14"]
[EventType "swiss"]
[EventRounds "9"]
[EventCountry "CRO"]
[Source "lmi"]
[SourceDate "2007.09.14"]

1. e4 c5 2. Nf3 Nc6 3. Bb5 Nf6 4. Nc3 Qc7 5. O-O Nd4 6. Re1 a6 7. Bf1 Ng4 8. g3
Nxf3+ 9. Qxf3 Ne5 10. Qe2 e6 11. Nd5 exd5 12. exd5 d6 13. f4 f6 14. c3 Be7 15.
fxe5 fxe5 16. d4 cxd4 17. cxd4 O-O 18. dxe5 dxe5 19. Be3 Bf5 20. Rac1 Qd7 21.
Bg2 Rae8 22. Bc5 e4 23. Qc4 Bxc5+ 24. Qxc5 Re5 25. Rcd1 Rd8 26. Qb4 Rxd5 27.
Rxd5 Qxd5 28. Bxe4 Bxe4 29. Qxe4 1/2-1/2

[Event "17. Europa ch Juvenil - Masculino s18"]
[Site "Sibenik CRO"]
[Date "2007.09.18"]
[Round "5.4"]
[White "Matsenko, Sergei"]
[Black "Kravtsiv, Martyn"]
[Result "1/2-1/2"]
[WhiteElo "2406"]
[BlackElo "2492"]
[PlyCount "33"]
[EventDate "2007.09.14"]
[EventType "swiss"]
[EventRounds "9"]
[EventCountry "CRO"]
[Source "lmi"]
[SourceDate "2007.09.14"]

1. e4 e5 2. Nf3 Nc6 3. Bb5 a6 4. Ba4 Nf6 5. O-O Be7 6. Re1 b5 7. Bb3 O-O 8. h3
Bb7 9. d3 d6 10. a3 Na5 11. Ba2 c5 12. Nbd2 Nc6 13. Nf1 Bc8 14. Ng3 Be6 15.
Bxe6 fxe6 16. c3 Nd7 17. a4 1/2-1/2

[Event "17. Europa ch Juvenil - Masculino s18"]
[Site "Sibenik CRO"]
[Date "2007.09.18"]
[Round "5.5"]
[White "Potapov, Pavel"]
[Black "Szabo, Krisztian"]
[Result "1/2-1/2"]
[WhiteElo "2386"]
[BlackElo "2482"]
[PlyCount "72"]
[EventDate "2007.09.14"]
[EventType "swiss"]
[EventRounds "9"]
[EventCountry "CRO"]
[Source "lmi"]
[SourceDate "2007.09.14"]

1. e4 e5 2. Nf3 Nc6 3. Bb5 a6 4. Ba4 Nf6 5. Qe2 b5 6. Bb3 Bc5 7. c3 d6 8. O-O
O-O 9. Rd1 Bb6 10. d3 h6 11. h3 Re8 12. Nbd2 Na5 13. Bc2 c5 14. Nf1 d5 15. Ng3
d4 16. Bd2 Nc6 17. Nh4 Kh7 18. Nhf5 Ng8 19. Bb3 Be6 20. Qg4 g6 21. Bxe6 Rxe6
22. Nh4 c4 23. dxc4 bxc4 24. Nf3 Rd6 25. h4 Nf6 26. Qh3 dxc3 27. bxc3 h5 28.
Rdb1 Bxf2+ 29. Kxf2 Rxd2+ 30. Nxd2 Qxd2+ 31. Kg1 Qxc3 32. Rf1 Rd8 33. Rac1 Qd4+
34. Kh1 Rd6 35. Qc8 Kg7 36. Qc7 Re6 1/2-1/2

[Event "17. Europa ch Juvenil - Masculino s18"]
[Site "Sibenik CRO"]
[Date "2007.09.18"]
[Round "5.6"]
[White "Saric, Ivan"]
[Black "Olszewski, Michal"]
[Result "1-0"]
[WhiteElo "2442"]
[BlackElo "2409"]
[PlyCount "101"]
[EventDate "2007.09.14"]
[EventType "swiss"]
[EventRounds "9"]
[EventCountry "CRO"]
[Source "lmi"]
[SourceDate "2007.09.14"]

1. e4 e5 2. Nf3 Nc6 3. Bc4 Nf6 4. d3 Be7 5. O-O O-O 6. Re1 d6 7. a4 Kh8 8. a5
a6 9. c3 Ng8 10. d4 Bg4 11. d5 Nb8 12. h3 Bc8 13. Bf1 g6 14. c4 f5 15. exf5
gxf5 16. c5 Bf6 17. cxd6 cxd6 18. Nfd2 b5 19. axb6 Nd7 20. Nc4 Nxb6 21. Nba3
Nxc4 22. Nxc4 Ne7 23. Bd2 Rb8 24. Ba5 Qd7 25. Nb6 Qa7 26. Nxc8 Rfxc8 27. Bc3
Rc5 28. Rxa6 Qd7 29. Re3 Nxd5 30. Rd3 Qe6 31. g3 Be7 32. Bg2 Nxc3 33. Rxc3 Rxc3
34. bxc3 e4 35. Qd2 Qe5 36. c4 Rg8 37. Ra5 Qe6 38. Kh2 Rf8 39. Rd5 Rf6 40. Qd4
Kg8 41. h4 Rf7 42. Bh3 Bf6 43. Qe3 Be5 44. Qg5+ Qg6 45. c5 Rg7 46. Qxg6 hxg6
47. cxd6 Bf6 48. h5 gxh5 49. Rxf5 Bd4 50. Rxh5 Bxf2 51. Be6+ 1-0

[Event "17. Europa ch Juvenil - Masculino s18"]
[Site "Sibenik CRO"]
[Date "2007.09.18"]
[Round "5.7"]
[White "Llorente Zaro, Alfonso"]
[Black "Genzling, Alain"]
[Result "1/2-1/2"]
[WhiteElo "2422"]
[BlackElo "2255"]
[PlyCount "149"]
[EventDate "2007.09.14"]
[EventType "swiss"]
[EventRounds "9"]
[EventCountry "CRO"]
[Source "lmi"]
[SourceDate "2007.09.14"]

1. c4 Nf6 2. g3 g6 3. Bg2 d5 4. Nf3 Bg7 5. Qc2 Nc6 6. cxd5 Nxd5 7. d3 e5 8. Nc3
Nde7 9. a3 a5 10. O-O h6 11. Rb1 O-O 12. e3 Be6 13. Na4 Bf5 14. Nc5 b6 15. Ne4
Be6 16. b3 Qd7 17. Bb2 Rad8 18. Rfd1 Bg4 19. Rd2 f5 20. Nc3 f4 21. Rf1 Nf5 22.
Nd1 Nfe7 23. b4 axb4 24. axb4 Kh7 25. gxf4 Nxb4 26. Qb3 Bh3 27. Ne1 Bxg2 28.
Nxg2 Nbc6 29. fxe5 Bxe5 30. Bxe5 Nxe5 31. f4 Ng4 32. h3 Nf6 33. Nf2 Nf5 34. Qd1
Ng3 35. Re1 Nge4 36. Nxe4 Nxe4 37. Rc2 c5 38. Rb2 Rf6 39. Qb1 Nc3 40. Qa1 Qxd3
41. Rb3 Ne2+ 42. Rxe2 Qxe2 43. Qxf6 Rd2 44. Qf7+ Kh8 45. Qf8+ Kh7 46. Qe7+ Kg8
47. Qe8+ Kh7 48. Qe7+ Kg8 49. Qe6+ Kh7 50. Qg4 Qa6 51. e4 c4 52. Rg3 b5 53. f5
g5 54. Kh2 Qd6 55. Qh5 Kg7 56. e5 Qxe5 57. Qg6+ Kf8 58. Qxh6+ Ke8 59. Qg6+ Kd7
60. Qxg5 Rf2 61. Qg7+ Qxg7 62. Rxg7+ Kd6 63. Kg3 Rxf5 64. Ne3 Re5 65. Kf3 Kc5
66. Nc2 Rf5+ 67. Ke2 Rh5 68. Rg3 b4 69. Kd2 b3 70. Ne3 Kb4 71. Rg4 Rxh3 72.
Rxc4+ Ka3 73. Rc3 Rh2+ 74. Kd3 Ka2 75. Nc4 1/2-1/2

[Event "17. Europa ch Juvenil - Masculino s18"]
[Site "Sibenik CRO"]
[Date "2007.09.18"]
[Round "5.8"]
[White "Bindrich, Falko"]
[Black "Cartas, Octavian-Mihai"]
[Result "1-0"]
[WhiteElo "2504"]
[BlackElo "2111"]
[PlyCount "79"]
[EventDate "2007.09.14"]
[EventType "swiss"]
[EventRounds "9"]
[EventCountry "CRO"]
[Source "lmi"]
[SourceDate "2007.09.14"]

1. e4 e6 2. d4 d5 3. Nc3 Nf6 4. Bg5 Be7 5. e5 Nfd7 6. Bxe7 Qxe7 7. f4 a6 8. Nf3
c5 9. Qd2 Nc6 10. dxc5 Nxc5 11. Bd3 b5 12. a3 Rb8 13. b4 Nd7 14. O-O Nb6 15.
Qf2 g6 16. Kh1 Nc4 17. Bxc4 bxc4 18. Na4 a5 19. c3 Qa7 20. Nc5 Ra8 21. Rab1 Nd8
22. Nd4 Bd7 23. Qh4 axb4 24. axb4 Nb7 25. Qf6 Rf8 26. Nxb7 Qxb7 27. Ra1 Ra7 28.
h3 Qa8 29. Rxa7 Qxa7 30. b5 Qa3 31. Nc2 Qc5 32. Ra1 Bc8 33. Nd4 Bb7 34. Qg7 Ke7
35. Qxh7 Ra8 36. Qh4+ Kd7 37. Rxa8 Bxa8 38. Qf6 Qe7 39. Qxe7+ Kxe7 40. Kg1 1-0

[Event "17. Europa ch Juvenil - Masculino s18"]
[Site "Sibenik CRO"]
[Date "2007.09.18"]
[Round "5.9"]
[White "Grigoryan, Avetik"]
[Black "Beck, Frederik"]
[Result "1-0"]
[WhiteElo "2489"]
[BlackElo "2292"]
[PlyCount "75"]
[EventDate "2007.09.14"]
[EventType "swiss"]
[EventRounds "9"]
[EventCountry "CRO"]
[Source "lmi"]
[SourceDate "2007.09.14"]

1. d4 Nf6 2. Nf3 c5 3. d5 b5 4. Bg5 Ne4 5. Bh4 Bb7 6. Qd3 f5 7. Nc3 c4 8. Qd4
Na6 9. Nxe4 fxe4 10. Qxe4 Nb4 11. Rd1 Qa5 12. c3 Nxd5 13. Rxd5 Qxa2 14. Qe5
Bxd5 15. Qxd5 Qb1+ 16. Kd2 Qxb2+ 17. Ke3 Qxc3+ 18. Kf4 Rd8 19. Qxb5 g6 20. e4
Bh6+ 21. Kg4 Rc8 22. Qd5 e6 23. Qd6 g5 24. Ne5 Rd8 25. Bg3 Bf8 26. Qc7 h5+ 27.
Kxg5 Be7+ 28. Kg6 O-O 29. f4 h4 30. Bxc4 Rf6+ 31. Kh5 hxg3 32. Bxe6+ Kg7 33.
Qxc3 Rxe6 34. Kg4 Bf6 35. hxg3 Rg8 36. Kf3 Rf8 37. Ke3 d6 38. Qc7+ 1-0

[Event "17. Europa ch Juvenil - Masculino s18"]
[Site "Sibenik CRO"]
[Date "2007.09.18"]
[Round "5.10"]
[White "Huerga Leache, Mikel"]
[Black "Rakhmanov, Aleksandr"]
[Result "0-1"]
[WhiteElo "2370"]
[BlackElo "2489"]
[PlyCount "44"]
[EventDate "2007.09.14"]
[EventType "swiss"]
[EventRounds "9"]
[EventCountry "CRO"]
[Source "lmi"]
[SourceDate "2007.09.14"]

1. e4 c5 2. Nf3 Nf6 3. e5 Nd5 4. d4 cxd4 5. Qxd4 e6 6. Bc4 Nc6 7. Qe4 f5 8. Qe2
Nde7 9. O-O Ng6 10. Bb5 Qc7 11. Re1 a6 12. Bxc6 Qxc6 13. c4 b6 14. b3 Bb7 15.
Rd1 Qe4 16. Re1 Bc5 17. Nbd2 Qxe2 18. Rxe2 Nf4 19. Re1 g5 20. Nxg5 Nxg2 21. Rd1
Rg8 22. Nf1 f4 0-1

[Event "17. Europa ch Juvenil - Masculino s18"]
[Site "Sibenik CRO"]
[Date "2007.09.18"]
[Round "5.11"]
[White "Martemianov, Iaroslav"]
[Black "Vila Gazquez, Xavier"]
[Result "1-0"]
[WhiteElo "2333"]
[BlackElo "2429"]
[PlyCount "81"]
[EventDate "2007.09.14"]
[EventType "swiss"]
[EventRounds "9"]
[EventCountry "CRO"]
[Source "lmi"]
[SourceDate "2007.09.14"]

1. d4 Nf6 2. c4 e6 3. Nc3 Bb4 4. Qc2 b6 5. e4 Bxc3+ 6. bxc3 d6 7. f4 Nc6 8. e5
Ng8 9. Nf3 Nge7 10. Bd3 h6 11. O-O Na5 12. Ba3 Ba6 13. Rad1 Qd7 14. Qe2 d5 15.
cxd5 Bxd3 16. Qxd3 Nxd5 17. c4 Ne7 18. d5 O-O-O 19. Bxe7 Qxe7 20. d6 Qd7 21. c5
Nb7 22. Qa6 Kb8 23. c6 Qxc6 24. Nd4 Qc5 25. dxc7+ Kxc7 26. Rc1 Rxd4 27. Rxc5+
bxc5 28. Rb1 Rb4 29. Rxb4 cxb4 30. Qc4+ Kb8 31. Qxb4 Re8 32. Qb5 Rd8 33. h3 h5
34. Kh2 g6 35. Kg3 Kc7 36. Qc4+ Kb8 37. a4 a5 38. Kh4 Rd7 39. Kg5 Rc7 40. Qb5
Ka7 41. Kf6 1-0

[Event "17. Europa ch Juvenil - Masculino s18"]
[Site "Sibenik CRO"]
[Date "2007.09.18"]
[Round "5.12"]
[White "Krstic, Petar"]
[Black "Nestorovic, Nikola"]
[Result "1/2-1/2"]
[WhiteElo "2327"]
[BlackElo "2424"]
[PlyCount "92"]
[EventDate "2007.09.14"]
[EventType "swiss"]
[EventRounds "9"]
[EventCountry "CRO"]
[Source "lmi"]
[SourceDate "2007.09.14"]

1. d4 Nf6 2. c4 g6 3. Nc3 Bg7 4. e4 d6 5. Nf3 O-O 6. Be2 Na6 7. Bg5 h6 8. Be3
e5 9. d5 Nc5 10. Nd2 a5 11. O-O Bd7 12. b3 Nh7 13. f3 f5 14. a3 f4 15. Bf2 Bf6
16. b4 Na6 17. c5 Bh4 18. Bxh4 Qxh4 19. cxd6 cxd6 20. Nc4 axb4 21. axb4 Qe7 22.
Nb6 Rab8 23. Qb3 Be8 24. Rfc1 Qd8 25. Nc4 Nf6 26. Kf1 Rf7 27. Qa3 Rc8 28. Na5
Nb8 29. b5 Rfc7 30. b6 Re7 31. Qb4 Rc5 32. Nb3 Rc8 33. Ra7 g5 34. Na5 Nfd7 35.
Rxb7 Nc5 36. Rxe7 Qxe7 37. b7 Rc7 38. Rb1 g4 39. Qb6 gxf3 40. Bxf3 Nd3 41. Nb5
Rc5 42. Ke2 Qh4 43. Kxd3 Qf2 44. Nc4 Bxb5 45. Qxd6 Kg7 46. Qe7+ Kg8 1/2-1/2

[Event "17. Europa ch Juvenil - Masculino s18"]
[Site "Sibenik CRO"]
[Date "2007.09.18"]
[Round "5.13"]
[White "Figura, Atila Gajo"]
[Black "Hrabusa, Matej"]
[Result "1-0"]
[WhiteElo "2413"]
[BlackElo "2277"]
[PlyCount "53"]
[EventDate "2007.09.14"]
[EventType "swiss"]
[EventRounds "9"]
[EventCountry "CRO"]
[Source "lmi"]
[SourceDate "2007.09.14"]

1. d4 d5 2. Nf3 Nf6 3. c4 c6 4. e3 e6 5. b3 Bb4+ 6. Nbd2 Nbd7 7. Bb2 Ne4 8. a3
Bxd2+ 9. Nxd2 f5 10. Be2 O-O 11. O-O Rf6 12. f3 Nxd2 13. Qxd2 Rh6 14. Bd3 Qg5
15. b4 Nf6 16. b5 Bd7 17. a4 Qh5 18. g3 g5 19. bxc6 Bxc6 20. Rae1 g4 21. cxd5
exd5 22. fxg4 fxg4 23. Rf5 Qg6 24. e4 Rh5 25. Rxh5 Qxh5 26. e5 Ne8 27. e6 1-0

[Event "17. Europa ch Juvenil - Masculino s18"]
[Site "Sibenik CRO"]
[Date "2007.09.18"]
[Round "5.14"]
[White "Szekeres, Robert"]
[Black "Tereick, Benjamin"]
[Result "1/2-1/2"]
[WhiteElo "2209"]
[BlackElo "2404"]
[PlyCount "87"]
[EventDate "2007.09.14"]
[EventType "swiss"]
[EventRounds "9"]
[EventCountry "CRO"]
[Source "lmi"]
[SourceDate "2007.09.14"]

1. d4 e6 2. Nf3 c5 3. e3 Nf6 4. c4 a6 5. Nbd2 cxd4 6. exd4 d5 7. Bd3 Nc6 8. O-O
Be7 9. b3 dxc4 10. Nxc4 Nb4 11. Bb1 b6 12. Nce5 Bb7 13. Qe2 O-O 14. Rd1 Rc8 15.
Ng5 Qd5 16. Nef3 Qb5 17. Qe1 Nc2 18. Bxc2 Rxc2 19. Qe5 Rfc8 20. d5 Bc5 21. dxe6
Bxf2+ 22. Kh1 Qxe5 23. exf7+ Kf8 24. Nxe5 Bc5 25. Rd2 Rxd2 26. Bxd2 Bd5 27. Rf1
Ke7 28. Re1 Kf8 29. h4 Bd6 30. h5 a5 31. Bf4 Bxe5 32. Bxe5 Bxf7 33. Bd6+ Kg8
34. Nxf7 Kxf7 35. Re7+ Kg8 36. Rb7 Rc6 37. Bc7 Nd7 38. Bf4 Nc5 39. Ra7 Ne6 40.
Be3 h6 41. Kh2 Nc5 42. Kh3 Nd3 43. Rb7 Nc5 44. Bxc5 1/2-1/2

[Event "17. Europa ch Juvenil - Masculino s18"]
[Site "Sibenik CRO"]
[Date "2007.09.18"]
[Round "5.15"]
[White "Delorme, Axel"]
[Black "Stupak, Kirill"]
[Result "1-0"]
[WhiteElo "2317"]
[BlackElo "2377"]
[PlyCount "73"]
[EventDate "2007.09.14"]
[EventType "swiss"]
[EventRounds "9"]
[EventCountry "CRO"]
[Source "lmi"]
[SourceDate "2007.09.14"]

1. e4 e6 2. d4 d5 3. Nc3 Nc6 4. Nf3 Nf6 5. e5 Ne4 6. Ne2 f6 7. Ng3 fxe5 8. Bb5
exd4 9. Nxe4 dxe4 10. Nxd4 Qd5 11. Nxc6 a6 12. Ba4 Bd7 13. c4 Qxd1+ 14. Kxd1
Bxc6 15. Bxc6+ bxc6 16. Ke2 Bd6 17. Be3 c5 18. h4 Kd7 19. Rab1 Rhb8 20. h5 a5
21. Rh4 Rb4 22. b3 a4 23. Rxe4 axb3 24. axb3 Rab8 25. Rg4 Bf8 26. Rf4 R4b7 27.
h6 gxh6 28. Rf7+ Kc6 29. g4 Bd6 30. Rxh7 Rxb3 31. Rxb3 Rxb3 32. Bxh6 Rc3 33. g5
Rxc4 34. g6 Rg4 35. g7 Be5 36. f4 Bd4 37. Bg5 1-0

[Event "17. Europa ch Juvenil - Masculino s18"]
[Site "Sibenik CRO"]
[Date "2007.09.18"]
[Round "5.16"]
[White "Brunello, Sabino"]
[Black "Golubenko, Valentina"]
[Result "0-1"]
[WhiteElo "2475"]
[BlackElo "2316"]
[PlyCount "176"]
[EventDate "2007.09.14"]
[EventType "swiss"]
[EventRounds "9"]
[EventCountry "CRO"]
[Source "lmi"]
[SourceDate "2007.09.14"]

1. e4 e5 2. Nf3 Nc6 3. d4 exd4 4. Nxd4 Bc5 5. Be3 Qf6 6. c3 Qg6 7. Qe2 Nxd4 8.
cxd4 Bb4+ 9. Bd2 Bxd2+ 10. Nxd2 Ne7 11. g3 O-O 12. Bg2 Qb6 13. d5 Qxb2 14. O-O
d6 15. Qd3 Ng6 16. Nc4 Qf6 17. Rac1 Bd7 18. Na5 Ne5 19. Qe2 b6 20. Nb3 a6 21.
Nd4 Rfc8 22. f4 Ng6 23. Qd2 Ra7 24. Rc3 Nf8 25. Rfc1 Ng6 26. Qe3 h6 27. h4 Kh8
28. Bf3 Kg8 29. Kg2 Kh8 30. Qf2 Kg8 31. Ne2 Ne7 32. Nd4 Ng6 33. Qd2 Qe7 34. Kg1
Qf6 35. h5 Nf8 36. Qe3 Qe7 37. Kf2 Nh7 38. Qe2 Kh8 39. Qc2 Qf6 40. Qd1 Qe7 41.
Qd2 Nf6 42. Re1 Nh7 43. Qd3 Re8 44. Qc2 Qd8 45. Rc1 Qf6 46. Nc6 Bxc6 47. Rxc6
Qd4+ 48. Kg2 b5 49. Rd1 Qb4 50. Rb1 Qd4 51. Rd1 Qb4 52. e5 dxe5 53. fxe5 Ng5
54. d6 Nxf3 55. Kxf3 cxd6 56. exd6 Rd7 57. Rc8 Red8 58. Rxd8+ Rxd8 59. d7 Qe7
60. Qc6 Qa3+ 61. Ke4 Qe7+ 62. Kf3 Qa3+ 63. Ke4 Qxa2 64. Qd6 Qe2+ 65. Kf4 Qxh5
66. Rd5 Qe2 67. Qe5 Qf2+ 68. Ke4 Qe2+ 69. Kd4 Qb2+ 70. Ke4 Qe2+ 71. Kd4 Qf2+
72. Kc3 Qb6 73. Qe8+ Kh7 74. Qxf7 Qc7+ 75. Kd4 Qc4+ 76. Ke5 Qc7+ 77. Kd4 Qb6+
78. Ke4 b4 79. Ke5 Qe3+ 80. Kd6 Qxg3+ 81. Kc5 b3 82. Qe7 Qc7+ 83. Kd4 Qb6+ 84.
Kc4 b2 85. Rd1 Qb5+ 86. Kc3 Qb6 87. Kc2 b1=Q+ 88. Rxb1 Qc6+ 0-1

[Event "17. Europa ch Juvenil - Masculino s18"]
[Site "Sibenik CRO"]
[Date "2007.09.18"]
[Round "5.18"]
[White "Guramishvili, Sopiko"]
[Black "Rombaldoni, Denis"]
[Result "1/2-1/2"]
[WhiteElo "2273"]
[BlackElo "2383"]
[PlyCount "123"]
[EventDate "2007.09.14"]
[EventType "swiss"]
[EventRounds "9"]
[EventCountry "CRO"]
[Source "lmi"]
[SourceDate "2007.09.14"]

1. d4 Nf6 2. c4 e6 3. Nf3 Bb4+ 4. Bd2 a5 5. g3 d5 6. Bg2 dxc4 7. a3 Be7 8. Qa4+
Bd7 9. Qxc4 Bc6 10. O-O Ne4 11. Bf4 g5 12. Be3 Nd6 13. Qc1 g4 14. Ne5 Bxg2 15.
Kxg2 f6 16. Nd3 Nf5 17. Nf4 Kf7 18. Qc4 Qd7 19. Nc3 Qc6+ 20. Qxc6 bxc6 21. Rad1
a4 22. Bc1 Rd8 23. e3 Nd7 24. h3 gxh3+ 25. Kxh3 Nd6 26. Kg2 Nc4 27. Rh1 Nf8 28.
Nd3 Rdb8 29. Ne4 Rb5 30. Nd2 Na5 31. Kf3 Kg8 32. Ke2 Nd7 33. Rh2 Nb7 34. Rdh1
Nf8 35. Ne4 Nd6 36. Nc3 Rb7 37. Nc5 Rba7 38. Kd3 Nb5 39. Rh5 f5 40. Nxb5 cxb5
41. Bd2 Bxc5 42. dxc5 Rd8+ 43. Ke2 c6 44. Bc3 Ng6 45. Rg5 Rad7 46. Kf3 Rd5 47.
Rh6 R8d7 48. Ke2 Kf8 49. f4 Kg8 50. Rh1 Rxc5 51. e4 Rc4 52. exf5 exf5 53. Rxf5
c5 54. Ra1 Ne7 55. Rg5+ Kf8 56. Rh1 Nd5 57. Rf5+ Ke8 58. Bh8 b4 59. Rhh5 bxa3
60. bxa3 Nc3+ 61. Bxc3 Rxc3 62. Rxc5 1/2-1/2

[Event "17. Europa ch Juvenil - Masculino s18"]
[Site "Sibenik CRO"]
[Date "2007.09.18"]
[Round "5.19"]
[White "Vernay, Clovis"]
[Black "Roberson, Peter Thomas"]
[Result "1-0"]
[WhiteElo "2381"]
[BlackElo "2209"]
[PlyCount "81"]
[EventDate "2007.09.14"]
[EventType "swiss"]
[EventRounds "9"]
[EventCountry "CRO"]
[Source "lmi"]
[SourceDate "2007.09.14"]

1. d4 Nf6 2. c4 c5 3. d5 e6 4. Nc3 exd5 5. cxd5 d6 6. e4 g6 7. Nge2 Bg7 8. Ng3
O-O 9. Be2 a6 10. a4 Nbd7 11. O-O Ne8 12. Bf4 Ne5 13. Qd2 Rb8 14. Bh6 Bxh6 15.
Qxh6 f6 16. Qd2 Bd7 17. a5 Nc7 18. f4 Nf7 19. Nd1 Nb5 20. Bxb5 Bxb5 21. Rf2 Qd7
22. Ne3 Rbe8 23. Qc3 Nh6 24. h3 Qg7 25. f5 Re5 26. b4 Rc8 27. Kh2 g5 28. Rc1
Qf8 29. Rd2 Qe8 30. bxc5 Rxc5 31. Qa3 Rxc1 32. Qxc1 Qd8 33. Rc2 Kf7 34. Rc8
Qxa5 35. Rh8 Ng8 36. Rxh7+ Kf8 37. Qc8+ Be8 38. Rxb7 Re7 39. Rxe7 Nxe7 40. Qe6
Qc3 41. Nh5 1-0

[Event "17. Europa ch Juvenil - Masculino s18"]
[Site "Sibenik CRO"]
[Date "2007.09.18"]
[Round "5.20"]
[White "Muheim, Lukas"]
[Black "Szwed, Jacek"]
[Result "1/2-1/2"]
[WhiteElo "2210"]
[BlackElo "2364"]
[PlyCount "93"]
[EventDate "2007.09.14"]
[EventType "swiss"]
[EventRounds "9"]
[EventCountry "CRO"]
[Source "lmi"]
[SourceDate "2007.09.14"]

1. e4 c5 2. Nf3 d6 3. d4 cxd4 4. Nxd4 Nf6 5. Nc3 a6 6. Bc4 e6 7. a4 Be7 8. O-O
O-O 9. Be3 Qc7 10. Qe2 Re8 11. f4 Ng4 12. Qxg4 Qxc4 13. f5 Bf6 14. Rad1 Nd7 15.
Kh1 b5 16. axb5 Bb7 17. fxe6 fxe6 18. bxa6 Rxa6 19. Qh5 Re7 20. Qb5 Ne5 21. Bf4
Ra8 22. Bxe5 Qxb5 23. Ndxb5 Bxe5 24. Nxd6 Ba6 25. Rfe1 Rb8 26. Na4 Rc7 27. Rd2
Rb4 28. Ra1 Bf4 29. Rdd1 Be2 30. Nc3 Bxd6 31. Rxd6 Bh5 32. Rxe6 Rxb2 33. Nd5
Rcxc2 34. Re5 Ra2 35. Rf1 Rf2 36. Rf5 Rxf5 37. Ne7+ Kh8 38. Nxf5 h6 39. h3 Be2
40. Rf2 Ra1+ 41. Kh2 Bd3 42. Ng3 Re1 43. Rd2 Bb1 44. Rb2 Kg8 45. Rb7 Kf8 46. e5
Bg6 47. Rb5 1/2-1/2

[Event "17. Europa ch Juvenil - Masculino s18"]
[Site "Sibenik CRO"]
[Date "2007.09.18"]
[Round "5.21"]
[White "Brzeski, Maciej"]
[Black "Froewis, Georg"]
[Result "1-0"]
[WhiteElo "2356"]
[BlackElo "2208"]
[PlyCount "103"]
[EventDate "2007.09.14"]
[EventType "swiss"]
[EventRounds "9"]
[EventCountry "CRO"]
[Source "lmi"]
[SourceDate "2007.09.14"]

1. e4 e6 2. d4 d5 3. e5 c5 4. c3 Qb6 5. Nf3 Nc6 6. a3 Nh6 7. b4 cxd4 8. cxd4
Nf5 9. Bb2 Be7 10. Bd3 Bd7 11. Bxf5 exf5 12. Nc3 Be6 13. O-O O-O 14. Qd3 Rfc8
15. Rac1 Qd8 16. Nd2 b6 17. Nb3 a5 18. b5 Na7 19. Nd2 Rc7 20. a4 Qd7 21. f4
Rac8 22. Qc2 g6 23. Qb3 Bb4 24. Rc2 Kg7 25. Rfc1 Qd8 26. Nf1 Rc4 27. Na2 Be7
28. Ne3 Rxc2 29. Rxc2 h6 30. Rxc8 Nxc8 31. Ba3 Bxa3 32. Qxa3 h5 33. g3 Qd7 34.
Kf2 Qd8 35. h3 Qd7 36. Nc3 Qd8 37. Ne2 Qd7 38. Qc3 Ne7 39. Ng1 Qc8 40. Qa3 Qd7
41. Qd6 Qxd6 42. exd6 Nc8 43. Nxd5 Kf8 44. Nf3 Ke8 45. Nf6+ Kd8 46. d5 Nxd6 47.
dxe6 fxe6 48. Ne5 Ke7 49. Nfd7 Nc8 50. Ke3 Kd6 51. Kd4 Ke7 52. h4 1-0

[Event "17. Europa ch Juvenil - Masculino s18"]
[Site "Sibenik CRO"]
[Date "2007.09.18"]
[Round "5.22"]
[White "Valner, Uku"]
[Black "Hayrapetian, Ovik"]
[Result "0-1"]
[WhiteElo "2102"]
[BlackElo "2336"]
[PlyCount "90"]
[EventDate "2007.09.14"]
[EventType "swiss"]
[EventRounds "9"]
[EventCountry "CRO"]
[Source "lmi"]
[SourceDate "2007.09.14"]

1. e4 c5 2. Nc3 Nc6 3. g3 g6 4. Bg2 Bg7 5. d3 d6 6. f4 e5 7. Nf3 Nge7 8. O-O
Nd4 9. h3 O-O 10. Ne2 Nxf3+ 11. Rxf3 f5 12. c3 d5 13. exd5 Nxd5 14. fxe5 Bxe5
15. Qb3 Kg7 16. d4 cxd4 17. Nxd4 Nf6 18. Bf4 Bxf4 19. Rxf4 Qe7 20. Kh2 Re8 21.
Rf2 Qc7 22. Re2 Rxe2 23. Nxe2 Bd7 24. Rd1 Re8 25. Nf4 Re5 26. Rd2 g5 27. Nd5
Nxd5 28. Bxd5 Re3 29. Rg2 f4 30. Qxb7 fxg3+ 31. Kh1 Qxb7 32. Bxb7 Bxh3 33. Rg1
h5 34. c4 h4 35. c5 Re2 36. Rc1 Be6 37. b4 Kf6 38. b5 Rb2 39. a4 g4 40. Bc6 h3
41. a5 Kg5 42. b6 axb6 43. cxb6 g2+ 44. Bxg2 Rxg2 45. b7 Rb2 0-1

[Event "17. Europa ch Juvenil - Masculino s18"]
[Site "Sibenik CRO"]
[Date "2007.09.18"]
[Round "5.23"]
[White "Jafarli, Alizamin"]
[Black "Dinger, Florian"]
[Result "1-0"]
[WhiteElo "2174"]
[BlackElo "2332"]
[PlyCount "85"]
[EventDate "2007.09.14"]
[EventType "swiss"]
[EventRounds "9"]
[EventCountry "CRO"]
[Source "lmi"]
[SourceDate "2007.09.14"]

1. e4 c5 2. Nc3 Nc6 3. g3 g6 4. Bg2 Bg7 5. d3 d6 6. Be3 e5 7. f4 Nge7 8. Nf3
O-O 9. O-O Nd4 10. Qd2 Rb8 11. Rf2 b5 12. Raf1 b4 13. Nd1 Nxf3+ 14. Bxf3 Be6
15. Bg2 Qd7 16. fxe5 Bxe5 17. c3 Bxa2 18. Bh6 Bg7 19. Bxg7 Kxg7 20. c4 Bb3 21.
Ne3 f6 22. h4 Ba4 23. g4 Bc6 24. b3 Qe6 25. Rf4 Qe5 26. Qf2 h6 27. Nd5 Ng8 28.
h5 g5 29. Rf5 Qe6 30. e5 dxe5 31. Qxc5 Bxd5 32. Bxd5 Qb6 33. Qxb6 Rxb6 34. Ra1
a6 35. c5 Rb5 36. Rxa6 Rxc5 37. Ra7+ Kh8 38. Be4 Rc1+ 39. Kg2 Rfc8 40. Rxe5
R8c2+ 41. Kh3 Rh1+ 42. Bxh1 fxe5 43. Rf7 1-0